[Event "CZE-ch U14 2020"]
[Site "Kouty nad Desnou"]
[Date "2020.03.09"]
[Round "3.5"]
[White "Lang, Simon"]
[Black "Paseka, Matyas"]
[Result "0-1"]
[WhiteElo "1779"]
[BlackElo "2012"]
[Annotator "ChessBase"]
[PlyCount "68"]
[EventDate "2020.03.07"]
[EventCountry "CZE"]
[SourceTitle "playchess.com"]
[Source "ChessBase"]
[SourceQuality "1"]
[TimeControl "5400+30"]

1. e4 {[%emt 0:00:15]} c5 2. Nf3 {[%emt 0:00:54]} d6 {[%emt 0:00:00]} 3. d4 {[%emt 0:01:19]} cxd4 {[%emt 0:00:00]} 4. Nxd4 {[%emt 0:00:55]} Nf6 {[%emt 0:00:01]} 5. Nc3 {[%emt 0:01:12]} a6 {[%emt 0:00:13]} 6. Bg5 {[%emt 0:01:56]} e6 {[%emt 0:00:08]} 7. f4 {[%emt 0:01:14]} h6 8. Bh4 {[%emt 0:01:23]} Qb6 {[%emt 0:00:14]} 9. Qd2 {[%emt 0:04:11]} Qxb2 {[%emt 0:00:13]} 10. Rb1 {[%emt 0:02:15]} Qa3 {[%emt 0:00:06]} 11. e5 {[%emt 0:05:48]} dxe5 {[%emt 0:00:16]} 12. fxe5 {[%emt 0:00:55]} Nfd7 {[%emt 0:00:07]} 13. Be2 {[%emt 0:34:52]} Be7 {[%emt 0:04:24]} 14. Bg3 {[%emt 0:05:12]} O-O {[%emt 0:14:56]} 15. O-O {[%emt 0:02:54]} Bc5 {[%emt 0:11:22]} 16. Ne4 {[%emt 0:04:32]} Nc6 {[%emt 0:08:41]} 17. c3 {[%emt 0:12:46]} Ndxe5 {[%emt 0:09:40]} 18. Bxe5 {[%emt 0:06:15]} Nxe5 {[%emt 0:00:16]} 19. Nf6+ {[%emt 0:00:23]} gxf6 {[%emt 0:28:24]} 20. Rxf6 {[%emt 0:04:01]} Be7 {[%emt 0:00:31]} 21. Rxh6 {[%emt 0:01:39]} Ng6 {[%emt 0:00:52]} 22. Bd3 {[%emt 0:01:38]} Kg7 {[%emt 0:01:56]} 23. Re1 {[%emt 0:03:48]} Qc5 {[%emt 0:03:32]} 24. Rxg6+ {[%emt 0:01:10]} fxg6 {[%emt 0:00:26]} 25. Kh1 {[%emt 0:00:13]} Qg5 {[%emt 0:02:00]} 26. Qb2 {[%emt 0:00:25]} Qh4 {[%emt 0:03:30]} 27. Nxe6+ {[%emt 0:00:33]} Bxe6 {[%emt 0:01:05]} 28. Rxe6 {[%emt 0:00:08]} Bf6 {[%emt 0:03:01]} 29. Qxb7+ {[%emt 0:00:22]} Kh6 {[%emt 0:00:34]} 30. Qb1 {[%emt 0:01:10]} Rae8 {[%emt 0:01:49]} 31. g3 {[%emt 0:00:34]} Qg4 {[%emt 0:01:11]} 32. Rxa6 {[%emt 0:00:25]} Qf3+ {[%emt 0:00:05]} 33. Kg1 {[%emt 0:00:07]} Bd4+ {[%emt 0:00:17]} 34. cxd4 {[%emt 0:00:11]} Qf2+ {[%emt 0:00:06]} 0-1

[Event "CZE-ch U14 2020"]
[Site "Kouty nad Desnou"]
[Date "2020.03.09"]
[Round "3.6"]
[White "Janous, Marek"]
[Black "Prochazka, Vojtech"]
[Result "1/2-1/2"]
[WhiteElo "1990"]
[BlackElo "1763"]
[Annotator "ChessBase"]
[PlyCount "60"]
[EventDate "2020.03.07"]
[EventCountry "CZE"]
[SourceTitle "playchess.com"]
[Source "ChessBase"]
[SourceQuality "1"]
[TimeControl "5400+30"]

1. e4 {[%emt 0:00:00]} e5 {[%emt 0:00:17]} 2. Nf3 {[%emt 0:00:00]} Nc6 {[%emt 0:00:28]} 3. d4 {[%emt 0:00:00]} exd4 {[%emt 0:00:40]} 4. Nxd4 {[%emt 0:00:29]} Bc5 {[%emt 0:04:50]} 5. Nb3 {[%emt 0:00:07]} Bb6 {[%emt 0:03:07]} 6. Nc3 {[%emt 0:00:29]} Nf6 {[%emt 0:06:57]} 7. Qe2 {[%emt 0:00:44]} d6 {[%emt 0:08:43]} 8. Be3 {[%emt 0:01:37]} O-O {[%emt 0:10:17]} 9. O-O-O {[%emt 0:00:38]} Re8 {[%emt 0:01:14]} 10. f3 {[%emt 0:00:06]} Be6 {[%emt 0:06:47]} 11. Kb1 {[%emt 0:04:00]} Qe7 {[%emt 0:04:06]} 12. g4 {[%emt 0:05:58]} Nd7 {[%emt 0:06:16]} 13. h4 {[%emt 0:07:58]} a5 {[%emt 0:06:36]} 14. Nb5 {[%emt 0:19:03]} a4 {[%emt 0:07:22]} 15. N3d4 {[%emt 0:00:42]} Nxd4 {[%emt 0:00:03]} 16. Nxd4 {[%emt 0:00:29]} Nc5 {[%emt 0:07:15]} 17. h5 {[%emt 0:16:21]} a3 {[%emt 0:02:29]} 18. b3 {[%emt 0:02:30]} d5 {[%emt 0:06:51]} 19. Nxe6 {[%emt 0:10:09]} fxe6 {[%emt 0:00:51]} 20. e5 {[%emt 0:00:26]} Nd7 {[%emt 0:07:12]} 21. Bc1 {[%emt 0:11:39]} Ba5 {[%emt 0:01:04]} 22. f4 {[%emt 0:01:25]} Bc3 {[%emt 0:00:23]} 23. Bg2 {[%emt 0:02:57]} c6 {[%emt 0:00:38]} 24. Rh3 {[%emt 0:03:51]} Bb2 {[%emt 0:01:26]} 25. Qd2 {[%emt 0:02:02]} Rf8 {[%emt 0:01:55]} 26. Rf1 {[%emt 0:00:35]} b5 {[%emt 0:00:21]} 27. Rhh1 {[%emt 0:03:36]} Bxc1 {[%emt 0:00:15]} 28. Kxc1 {[%emt 0:01:08]} Qc5 29. Rf3 Qe7 {[%emt 0:01:25]} 30. Rhf1 {[%emt 0:02:41]} Rae8 1/2-1/2

[Event "CZE-ch U14 2020"]
[Site "Kouty nad Desnou"]
[Date "2020.03.09"]
[Round "3.7"]
[White "Stocek, Martin"]
[Black "Hlavina, Matous"]
[Result "0-1"]
[WhiteElo "1772"]
[BlackElo "1986"]
[Annotator "TA"]
[PlyCount "114"]
[EventDate "2020.03.07"]
[EventCountry "CZE"]
[SourceTitle "playchess.com"]
[Source "ChessBase"]
[SourceQuality "1"]

{[%evp 9,113,48,54,70,61,61,62,55,47,42,63,52,70,37,60,37,41,51,55,57,47,44,34,18,47,43,46,37,47,41,45,0,0,0,0,-14,0,0,91,84,95,59,57,37,62,0,39,31,32,-25,29,-8,-7,-6,-25,-39,-37,-52,0,-8,0,-116,-48,-103,0,-121,0,-92,-116,-271,-245,-333,-322,-294,-185,-220,-204,-201,-184,-249,-240,-210,-174,-192,-180,-445,-458,-441,-448,-429,-434,-438,-411,-467,-459,-462,-462,-463,-440,-572,-327,-493,-492,-784,-771,-29999]} 1. d4 f5 2. Bg5 Nf6 3. Bxf6 exf6 4. e3 d5 5. c4 c6 6. Nc3 {[%cal Bb1c3,Bc3a4,Ba4b6][%mdl 32] A80: Dutch Defence: Unusual White second moves.} Be6 7. Qb3 Qd7 8. cxd5 {White is slightly better.} cxd5 9. Bb5 Nc6 {[#]} 10. Rc1 $146 ({Predecessor:} 10. Nge2 g5 11. Rc1 Be7 12. Na4 O-O 13. O-O Rac8 14. Rc3 Qd8 15. Rfc1 Na5 16. Rxc8 Bxc8 17. Rxc8 Qxc8 18. Qxd5+ {1-0 (47) Bauer,C (2644)-Teichmann,E (2240) Lyon 2019}) 10... Rc8 11. Na4 a6 12. Nb6 {[%mdl 64] [#] Double Attack} Qd8 13. Bxc6+ ({But not} 13. Nxc8 axb5 14. Qxb5 Qxc8 $17) 13... Rxc6 14. Rxc6 bxc6 15. Ne2 Bd6 16. Na4 O-O 17. Qc3 Qc7 18. Nc5 Bc8 19. g3 Qf7 20. Nf4 g5 21. Nfd3 Qh5 22. Qc1 Re8 23. Qd1 Qg6 (23... Qh3 $1 $11 {keeps the balance.}) 24. Kd2 $16 Re7 25. Qa4 Qe8 26. Qb3 Bc7 27. Qa4 ({White should play} 27. Qd1 $14) 27... f4 {[%cal Rf4e3]} 28. Re1 ({Of course not} 28. exf4 Re2+ 29. Kc3 Bb6 $15) 28... Bd6 29. b4 (29. exf4 $14 Rxe1 30. Nxe1) 29... Kg7 (29... fxg3 $142 30. hxg3 h5) 30. a3 fxg3 31. hxg3 h5 32. Rh1 Ra7 33. Qc2 a5 (33... Bf5 $15) 34. Qa4 Bc7 35. Qb3 (35. b5 $1 $11) 35... Bg4 ({Better is} 35... Bf5 $17) 36. Rg1 (36. b5 $1 $15 a4 37. Nxa4 Ba5+ 38. Kc1) 36... Bd7 (36... axb4 $17 37. Nxb4 Qa8) 37. Rh1 (37. Nxd7 $11 {remains equal.} Qxd7 38. Rc1) 37... Bg4 38. Rg1 $1 axb4 39. axb4 $2 {White does not recover from this.} (39. Nxb4 $17 Qa8 40. a4) 39... Qa8 $19 40. Rb1 Ra3 41. Qc2 Ra2 42. Rb2 Ra1 43. f3 Bf5 44. e4 dxe4 45. fxe4 Bg4 46. e5 fxe5 {And now ...Rg1 would win.} 47. dxe5 $2 (47. Qc4 Qe8 48. dxe5) 47... Rg1 {[#] Threatens to win with ...Rg2+.} 48. Qc4 Rg2+ 49. Kc3 Qa3+ 50. Qb3 Qxb3+ 51. Rxb3 Rxg3 52. Kd4 h4 53. Rb1 h3 54. Rh1 Kf7 55. Nf2 (55. Ne4 {was the only defense.} Bb6+ 56. Ndc5) 55... Bf5 56. Nce4 (56. e6+ $142 Ke7 57. Ra1) 56... Bb6+ 57. Kc4 Be6# {Accuracy: White = 57%, Black = 68%.} 0-1

[Event "CZE-ch U14 2020"]
[Site "Kouty nad Desnou"]
[Date "2020.03.09"]
[Round "3.8"]
[White "Kures, Michael"]
[Black "Mrazek, Roman"]
[Result "1-0"]
[WhiteElo "1943"]
[BlackElo "1839"]
[Annotator "TA"]
[PlyCount "51"]
[EventDate "2020.03.07"]
[EventCountry "CZE"]
[SourceTitle "playchess.com"]
[Source "ChessBase"]
[SourceQuality "1"]

{[%evp 17,50,43,61,55,72,43,46,37,56,59,62,47,27,28,125,132,129,129,130,78,129,125,143,78,76,82,112,83,101,74,304,298,29998,29999,29999]} 1. e4 c5 2. Nf3 e6 3. c4 d6 4. Nc3 Nc6 5. Be2 Nf6 6. O-O Be7 7. d4 cxd4 8. Nxd4 O-O 9. Be3 Nxd4 {9...Bd7 is becoming the main line.} 10. Bxd4 {B54: Sicilian: 2...d6 3 d4 cxd4 4 Nxd4, Unusual Lines .} b6 {[#]} 11. Qc2 $146 ({Predecessor:} 11. Qd2 Bb7 12. f3 Nd7 13. Rfd1 a6 14. Bf1 Rb8 15. b4 Qc7 16. Rac1 Rfc8 17. Qf2 Ba8 {1-0 (66) Banusz,T (2606)-Flumbort,A (2436) Hungary 2019}) 11... Bb7 12. Rad1 {White is slightly better.} Nd7 13. f4 a6 14. Kh1 Qc7 15. f5 Rfd8 (15... Bf6 $11) 16. fxe6 $16 fxe6 17. Bg4 e5 18. Be6+ Kh8 {[#]} 19. Be3 $1 Nc5 20. Bxc5 (20. Nd5 $142 Bxd5 21. Bxd5) 20... dxc5 21. Bd5 Rd7 22. Rd3 Rad8 23. Qe2 Bf6 $2 {[#]} (23... Bc8 $16 {was worth a try.}) 24. Rh3 $1 $18 {[%cal Rh3h7][%mdl 512] Threatening mate with Rxh7+!} Rd6 $2 {[#]} (24... Bxd5 $18 25. cxd5 (25. Nxd5 Qd6 $18) 25... Rf8 26. Qxa6 Rdf7) 25. Rxh7+ $1 {[%mdl 512]} Kxh7 26. Qh5# {Accuracy: White = 76%, Black = 41%.} 1-0

[Event "CZE-ch U14 2020"]
[Site "Kouty nad Desnou"]
[Date "2020.03.09"]
[Round "3.9"]
[White "Zednicek, Filip"]
[Black "Winter, Ondrej"]
[Result "0-1"]
[WhiteElo "1365"]
[BlackElo "1896"]
[Annotator "NA"]
[PlyCount "92"]
[EventDate "2020.03.07"]
[EventCountry "CZE"]
[SourceTitle "playchess.com"]
[Source "ChessBase"]
[SourceQuality "1"]
[TimeControl "5400+30"]

{[%evp 11,88,21,7,-8,5,14,33,8,28,8,45,42,71,19,24,-16,20,-23,-17,-58,-45,-85,-41,-77,0,-110,-24,-51,-53,-41,-33,-37,-43,-45,-42,-36,-31,-76,-72,32767,-111,-150,-156,-139,-50,-62,-53,-155,-174,-139,-167,-150,-169,-182,-186,-182,-197,-199,-218,-207,-261,-255,-304,-235,-292,-329,32767,32767,-1097,-671,-909,-701,32767,-5698,32767,32767,32767,-29979,-29962]} 1. e4 {[%emt 0:00:33]} c5 {[%emt 0:00:00]} 2. Nf3 {[%emt 0:01:30]} Nc6 {[%emt 0:00:00]} 3. d4 {[%emt 0:01:46]} cxd4 {[%emt 0:00:00]} 4. Nxd4 {[%emt 0:02:30]} g6 {[%emt 0:00:00]} 5. Nc3 {[%emt 0:02:45]} Bg7 {[%emt 0:00:00]} 6. Be3 {[%emt 0:02:19]} Nf6 {[%emt 0:01:07]} 7. Bc4 {[%emt 0:03:36]} O-O {[%emt 0:00:10]} 8. Bb3 {[%emt 0:03:38]} Re8 {[%emt 0:16:27] B35: Sicilian: Accelerated Dragon with 5 Nc3: main line.} 9. O-O {[%emt 0:09:11]} d6 {[%emt 0:00:17]} 10. h3 {[%emt 0:03:41]} Bd7 {[%emt 0:00:25]} 11. f4 {[%emt 0:03:27] [#]} Qb8 $146 {[%emt 0:08:51]} ({Predecessor:} 11... Nxd4 12. Bxd4 Bc6 13. e5 dxe5 14. fxe5 Nd5 15. Qf3 Nxc3 16. Bxf7+ Kh8 17. Qxc3 Rf8 {½-½ (94) Nakamura,H (2786)-Carlsen,M (2832) chess.com INT 2018}) 12. Nf3 {[%emt 0:09:09]} b5 {[%emt 0:08:58]} 13. a3 {[%emt 0:05:36]} (13. f5 $14) 13... a5 {[%emt 0:00:48]} 14. e5 {[%emt 0:11:01]} dxe5 {[%emt 0:06:24]} 15. Nxe5 {[%emt 0:02:04]} Nxe5 {[%emt 0:01:18]} 16. fxe5 {[%emt 0:00:05]} Qxe5 {[%emt 0:02:08]} 17. Bd4 {[%emt 0:00:19] [#]} Qb8 {[%emt 0:15:26]} ({Better is} 17... Qc7 $1 $17) 18. Nd5 {[%emt 0:01:57]} (18. Bxf7+ $1 $11 {keeps the balance.} Kxf7 19. Bxf6 exf6 20. Qxd7+ {[%mdl 64] Double Attack} Kg8 21. Rae1 (21. Nxb5 $2 Qb6+ 22. Nd4 Rad8 $19) (21. Qxb5 f5 $11)) 18... Be6 {[%emt 0:01:44]} (18... a4 $17 19. Nxf6+ exf6) 19. Nxe7+ {[%emt 0:10:37]} Rxe7 {[%emt 0:00:24]} 20. Bxf6 {[%emt 0:00:13]} Bxf6 {[%emt 0:00:11]} 21. Rxf6 {[%emt 0:00:01]} Bxb3 {[%emt 0:06:38]} 22. cxb3 {[%emt 0:00:18]} Qe5 {[%emt 0:03:08]} 23. Rf2 {[%emt 0:00:33]} Rae8 {[%emt 0:04:17]} 24. Qf1 {[%emt 0:01:12]} Qd5 {[%emt 0:01:13]} 25. Rf3 {[%emt 0:00:50]} Qd4+ {[%emt 0:04:23]} 26. Qf2 {[%emt 0:00:24]} Qxf2+ {[%emt 0:00:17]} 27. Rxf2 {[%emt 0:00:05] [#]} Re3 {[%emt 0:00:09]} ({Black should try} 27... Re1+ $1 $17 28. Rxe1 Rxe1+ 29. Rf1 Re3) 28. b4 {[%emt 0:00:13]} axb4 {[%emt 0:00:15]} 29. axb4 {[%emt 0:00:05] [#]} (29. a4 $15) 29... Re1+ $1 {[%emt 0:01:36]} 30. Rxe1 {[%emt 0:00:44]} Rxe1+ {[%emt 0:00:26]} 31. Kh2 {[%emt 0:00:02]} Re4 {[%emt 0:00:17]} 32. Kg3 {[%emt 0:00:05]} Rxb4 {[%emt 0:00:07]} 33. Kf3 {[%emt 0:00:15]} f5 {[%emt 0:02:00]} 34. Ke3 {[%emt 0:00:15]} Kg7 {[%emt 0:01:16]} 35. Kd3 {[%emt 0:00:11]} Kf6 {[%emt 0:00:09]} 36. Kc3 {[%emt 0:00:15]} Rc4+ {[%emt 0:01:03]} 37. Kd3 {[%emt 0:00:44]} Kg5 {[%emt 0:01:11]} 38. g3 {[%emt 0:02:32]} f4 {[%emt 0:04:18]} 39. g4 {[%emt 0:02:04]} Kh4 {[%emt 0:01:32]} 40. Rf3 {[%emt 0:00:14]} Rb4 {[%emt 0:00:24]} 41. Kc3 {[%emt 0:00:12]} Re4 {[%emt 0:00:07]} 42. Kd3 {[%emt 0:00:37]} Re3+ {[%emt 0:00:42]} 43. Rxe3 {[%emt 0:00:01]} fxe3 {[%emt 0:00:09]} 44. Kxe3 {[%emt 0:00:47]} Kxh3 {[%emt 0:00:06]} 45. Kf4 {[%emt 0:00:12]} b4 {[%emt 0:00:53]} 46. Kf3 {[%emt 0:02:00]} g5 {[%emt 0:00:12]} 0-1

[Event "CZE-ch U14 2020"]
[Site "Kouty nad Desnou"]
[Date "2020.03.09"]
[Round "3.10"]
[White "Vilimek, Vit"]
[Black "Richter, Rudolf"]
[Result "1-0"]
[WhiteElo "1695"]
[BlackElo "1555"]
[Annotator "NA"]
[PlyCount "91"]
[EventDate "2020.03.07"]
[EventCountry "CZE"]
[SourceTitle "playchess.com"]
[Source "ChessBase"]
[SourceQuality "1"]
[TimeControl "5400+30"]

1. e4 {[%emt 0:00:00]} Nf6 {[%emt 0:00:00]} 2. e5 {[%emt 0:00:00]} Nd5 {[%emt 0:00:00]} 3. d4 {[%emt 0:00:00]} d6 {[%emt 0:00:00]} 4. Nf3 {[%emt 0:00:00]} Bg4 {[%emt 0:00:05]} 5. Be2 {[%emt 0:00:00]} c6 {[%emt 0:00:18]} 6. O-O {[%emt 0:00:02]} Bxf3 {[%emt 0:00:51]} 7. Bxf3 {[%emt 0:00:05]} dxe5 {[%emt 0:00:06]} 8. dxe5 {[%emt 0:00:23]} e6 {[%emt 0:00:08]} 9. c4 {[%emt 0:03:14]} Nb6 {[%emt 0:01:31]} 10. Qe2 {[%emt 0:00:11]} N8d7 {[%emt 0:01:06]} 11. b3 {[%emt 0:02:32]} Be7 {[%emt 0:01:27]} 12. Bb2 {[%emt 0:00:06]} Bg5 {[%emt 0:05:28]} 13. Nc3 {[%emt 0:02:11]} Bf4 {[%emt 0:04:25]} 14. Rfe1 {[%emt 0:12:55]} Bxe5 {[%emt 0:05:06]} 15. Rad1 {[%emt 0:11:08]} Qc7 {[%emt 0:05:31]} 16. c5 {[%emt 0:01:18]} Nc8 {[%emt 0:09:01]} 17. g3 {[%emt 0:05:19]} Bf6 {[%emt 0:04:12]} 18. Qd2 {[%emt 0:19:03]} Ne7 {[%emt 0:02:14]} 19. Ne4 {[%emt 0:04:23]} Bxb2 {[%emt 0:08:30]} 20. Qxb2 {[%emt 0:00:30]} O-O {[%emt 0:02:24]} 21. Qd2 {[%emt 0:02:58]} Nd5 {[%emt 0:01:25]} 22. h4 {[%emt 0:12:06]} N5f6 {[%emt 0:04:45]} 23. b4 {[%emt 0:01:05]} Rfd8 {[%emt 0:08:18]} 24. Nd6 {[%emt 0:02:55]} Nf8 {[%emt 0:02:19]} 25. Qb2 {[%emt 0:03:45]} Ne8 {[%emt 0:02:01]} 26. Nxe8 {[%emt 0:00:06]} Rxe8 {[%emt 0:00:14]} 27. Rd6 {[%emt 0:00:13]} Red8 {[%emt 0:00:29]} 28. Red1 {[%emt 0:00:06]} Rxd6 {[%emt 0:00:23]} 29. Rxd6 {[%emt 0:00:02]} Rd8 {[%emt 0:00:20]} 30. Qd4 {[%emt 0:04:48]} Rxd6 {[%emt 0:00:54]} 31. cxd6 {[%emt 0:00:04]} Qb6 {[%emt 0:08:53]} 32. Qxb6 {[%emt 0:00:26]} axb6 {[%emt 0:00:06]} 33. b5 {[%emt 0:00:04]} c5 {[%emt 0:01:13]} 34. Bxb7 {[%emt 0:01:13]} f6 {[%emt 0:00:25]} 35. Bc6 {[%emt 0:01:39]} Kf7 {[%emt 0:00:59]} 36. a4 {[%emt 0:00:15]} Ng6 {[%emt 0:02:17]} 37. f4 {[%emt 0:01:47]} e5 {[%emt 0:03:33]} 38. f5 {[%emt 0:01:24]} Nf8 {[%emt 0:00:32]} 39. a5 {[%emt 0:00:27]} c4 {[%emt 0:00:54]} 40. Kf1 {[%emt 0:00:04]} bxa5 {[%emt 0:02:27]} 41. b6 {[%emt 0:00:24]} c3 {[%emt 0:00:03]} 42. Ke2 {[%emt 0:00:18]} e4 {[%emt 0:01:28]} 43. b7 {[%emt 0:00:08]} c2 {[%emt 0:00:18]} 44. Kd2 {[%emt 0:00:05]} e3+ {[%emt 0:01:39]} 45. Kxc2 {[%emt 0:00:05]} e2 {[%emt 0:00:16]} 46. Kd2 {[%emt 0:00:03]} 1-0

[Event "CZE-ch U14 2020"]
[Site "Kouty nad Desnou"]
[Date "2020.03.09"]
[Round "3.11"]
[White "Mohapl, Tomas"]
[Black "Tajovsky, Simon"]
[Result "0-1"]
[WhiteElo "1654"]
[BlackElo "1512"]
[Annotator "NA"]
[PlyCount "68"]
[EventDate "2020.03.07"]
[EventCountry "CZE"]
[SourceTitle "playchess.com"]
[Source "ChessBase"]
[SourceQuality "1"]
[TimeControl "5400+30"]

1. e4 {[%emt 0:00:00]} c5 {[%emt 0:00:00]} 2. Nf3 {[%emt 0:00:00]} Nc6 {[%emt 0:00:00]} 3. d4 {[%emt 0:00:00]} cxd4 {[%emt 0:00:00]} 4. Nxd4 {[%emt 0:00:08]} g6 {[%emt 0:00:00]} 5. Nc3 {[%emt 0:00:54]} Bg7 {[%emt 0:00:00]} 6. Nb3 {[%emt 0:00:20]} Nf6 {[%emt 0:00:46]} 7. Be2 {[%emt 0:01:15]} O-O {[%emt 0:00:46]} 8. Bg5 {[%emt 0:03:36]} d6 {[%emt 0:04:59]} 9. O-O {[%emt 0:01:14]} a5 {[%emt 0:04:25]} 10. a4 {[%emt 0:01:26]} Be6 {[%emt 0:04:58]} 11. Re1 {[%emt 0:04:06]} Re8 {[%emt 0:04:13]} 12. Bf1 {[%emt 0:05:24]} Nb4 {[%emt 0:04:47]} 13. Nd4 {[%emt 0:20:47]} Bg4 {[%emt 0:04:46]} 14. Qd2 {[%emt 0:02:37]} Nd7 {[%emt 0:07:46]} 15. Bb5 {[%emt 0:05:57]} Bxd4 {[%emt 0:04:17]} 16. Qxd4 {[%emt 0:02:29]} Nxc2 {[%emt 0:00:40]} 17. Qd2 {[%emt 0:01:48]} Nxa1 {[%emt 0:00:39]} 18. Rxa1 {[%emt 0:00:24]} Rf8 {[%emt 0:04:26]} 19. Bh6 {[%emt 0:03:38]} Nc5 {[%emt 0:05:32]} 20. Qf4 {[%emt 0:09:10]} Bd7 {[%emt 0:04:11]} 21. Bxf8 {[%emt 0:02:07]} Qxf8 {[%emt 0:04:40]} 22. Bxd7 {[%emt 0:08:15]} Nxd7 {[%emt 0:00:08]} 23. Re1 {[%emt 0:01:08]} Nb6 {[%emt 0:03:58]} 24. Qf3 {[%emt 0:03:54]} Qc8 {[%emt 0:02:50]} 25. Rd1 {[%emt 0:08:02]} Qc6 {[%emt 0:03:09]} 26. b3 {[%emt 0:02:32]} Rc8 {[%emt 0:03:14]} 27. Nb5 {[%emt 0:00:12]} Qc2 {[%emt 0:02:33]} 28. h3 {[%emt 0:00:41]} Nd7 {[%emt 0:01:44]} 29. Re1 {[%emt 0:02:16]} Ne5 {[%emt 0:06:08]} 30. Qg3 {[%emt 0:00:18]} Qd2 {[%emt 0:03:31]} 31. Re3 {[%emt 0:00:54]} Rc1+ {[%emt 0:02:47]} 32. Kh2 {[%emt 0:00:08]} Rf1 {[%emt 0:01:02]} 33. f4 {[%emt 0:01:31]} Qc1 {[%emt 0:01:25]} 34. Qh4 {[%emt 0:02:24]} Rh1+ {[%emt 0:00:22]} 0-1

[Event "CZE-ch U14 2020"]
[Site "Kouty nad Desnou"]
[Date "2020.03.09"]
[Round "3.12"]
[White "Licka, Denis"]
[Black "Kanak, Matyas"]
[Result "1/2-1/2"]
[WhiteElo "1594"]
[BlackElo "1499"]
[Annotator "NA"]
[PlyCount "83"]
[EventDate "2020.03.07"]
[EventCountry "CZE"]
[SourceTitle "playchess.com"]
[Source "ChessBase"]
[SourceQuality "1"]
[TimeControl "5400+30"]

1. e4 {[%emt 0:03:25]} c5 {[%emt 0:00:00]} 2. Nf3 {[%emt 0:00:07]} d6 {[%emt 0:00:00]} 3. d4 {[%emt 0:00:05]} cxd4 {[%emt 0:00:00]} 4. Nxd4 {[%emt 0:00:06]} Nf6 {[%emt 0:00:00]} 5. Nc3 {[%emt 0:00:04]} a6 {[%emt 0:00:00]} 6. Be3 {[%emt 0:00:07]} e5 {[%emt 0:00:00]} 7. Nb3 {[%emt 0:00:08]} Be6 {[%emt 0:00:02]} 8. f3 {[%emt 0:00:10]} Nc6 {[%emt 0:01:20]} 9. Qd2 {[%emt 0:00:10]} Ne7 {[%emt 0:00:14]} 10. O-O-O {[%emt 0:03:08]} d5 {[%emt 0:06:39]} 11. exd5 {[%emt 0:11:21]} Nexd5 {[%emt 0:01:22]} 12. Bg5 {[%emt 0:12:33]} Bb4 {[%emt 0:02:25]} 13. Qd3 {[%emt 0:24:13]} Nxc3 {[%emt 0:06:29]} 14. bxc3 {[%emt 0:08:40]} Qxd3 15. Rxd3 {[%emt 0:02:00]} Ba3+ {[%emt 0:01:29]} 16. Kb1 {[%emt 0:00:38]} Nd7 {[%emt 0:01:29]} 17. Bc1 {[%emt 0:02:05]} Bxc1 {[%emt 0:00:49]} 18. Kxc1 {[%emt 0:00:11]} O-O {[%emt 0:01:09]} 19. Rd6 Rac8 {[%emt 0:40:15]} 20. Kb2 {[%emt 0:10:56]} Nc5 {[%emt 0:01:28]} 21. Nxc5 {[%emt 0:03:57]} Rxc5 {[%emt 0:00:05]} 22. Be2 {[%emt 0:01:49]} Ra5 {[%emt 0:02:19]} 23. a3 {[%emt 0:00:37]} Rd5 {[%emt 0:00:29]} 24. Rd1 {[%emt 0:02:22]} Rxd1 {[%emt 0:00:17]} 25. Rxd1 {[%emt 0:00:22]} Rc8 {[%emt 0:00:08]} 26. Rd6 {[%emt 0:00:53]} Kf8 {[%emt 0:00:08]} 27. Bd3 {[%emt 0:02:35]} Ke7 {[%emt 0:00:20]} 28. Rb6 {[%emt 0:00:25]} Bd5 {[%emt 0:02:36]} 29. Be4 {[%emt 0:01:18]} Bxe4 {[%emt 0:00:19]} 30. fxe4 {[%emt 0:00:05]} Rc7 {[%emt 0:00:08]} 31. c4 {[%emt 0:08:02]} f6 {[%emt 0:00:10]} 32. Kb3 {[%emt 0:02:27]} Kd7 {[%emt 0:01:14]} 33. Kb4 {[%emt 0:00:58]} Kc8 {[%emt 0:03:07]} 34. c5 {[%emt 0:00:28]} Rc6 {[%emt 0:00:48]} 35. Rxc6+ {[%emt 0:00:28]} bxc6 {[%emt 0:00:03]} 36. c4 {[%emt 0:00:34]} Kc7 {[%emt 0:00:33]} 37. g3 {[%emt 0:00:30]} g6 {[%emt 0:01:23]} 38. g4 {[%emt 0:00:27]} g5 {[%emt 0:00:09]} 39. Kc3 {[%emt 0:00:27]} Kd7 {[%emt 0:00:38]} 40. Kb4 {[%emt 0:00:19]} Kc7 {[%emt 0:00:07]} 41. Ka5 {[%emt 0:00:33]} Kb7 {[%emt 0:00:06]} 42. Kb4 {[%emt 0:00:29]} 1/2-1/2

[Event "CZE-ch U14 2020"]
[Site "Kouty nad Desnou"]
[Date "2020.03.09"]
[Round "4.1"]
[White "Stalmach, Richard"]
[Black "Hak, David"]
[Result "1/2-1/2"]
[WhiteElo "2259"]
[BlackElo "2120"]
[Annotator "ChessBase"]
[PlyCount "79"]
[EventDate "2020.03.07"]
[EventCountry "CZE"]
[SourceTitle "playchess.com"]
[Source "ChessBase"]
[SourceQuality "1"]
[TimeControl "5400+30"]

1. d4 {[%emt 0:00:00]} Nf6 {[%emt 0:00:00]} 2. c4 {[%emt 0:00:00]} g6 {[%emt 0:00:00]} 3. Nc3 {[%emt 0:00:00]} Bg7 {[%emt 0:00:00]} 4. e4 {[%emt 0:00:00]} d6 {[%emt 0:00:00]} 5. Nf3 {[%emt 0:00:00]} O-O {[%emt 0:00:00]} 6. h3 {[%emt 0:00:07]} Na6 {[%emt 0:00:06]} 7. Be3 {[%emt 0:00:27]} Nd7 {[%emt 0:00:19]} 8. g4 {[%emt 0:01:05]} c5 {[%emt 0:03:13]} 9. d5 {[%emt 0:00:14]} e6 {[%emt 0:02:21]} 10. Bg2 {[%emt 0:05:58]} exd5 {[%emt 0:01:19]} 11. cxd5 {[%emt 0:00:22]} b5 {[%emt 0:01:21]} 12. O-O {[%emt 0:04:38]} b4 {[%emt 0:01:46]} 13. Na4 {[%emt 0:26:57]} Nb6 {[%emt 0:05:21]} 14. Nxb6 {[%emt 0:01:49]} axb6 {[%emt 0:00:26]} 15. Bg5 {[%emt 0:03:52]} f6 {[%emt 0:06:56]} 16. Bf4 {[%emt 0:00:27]} Nc7 {[%emt 0:28:42]} 17. Qd2 {[%emt 0:04:05]} Bb7 {[%emt 0:08:22]} 18. Rfe1 {[%emt 0:06:04]} Qd7 {[%emt 0:07:46]} 19. Bg3 {[%emt 0:04:52]} Ra6 {[%emt 0:06:21]} 20. Qf4 {[%emt 0:05:54]} b5 {[%emt 0:01:07]} 21. h4 {[%emt 0:00:47]} Rfa8 {[%emt 0:03:51]} 22. Kh2 {[%emt 0:03:48]} Bc8 {[%emt 0:03:00]} 23. g5 {[%emt 0:01:40]} fxg5 {[%emt 0:00:40]} 24. Qxg5 {[%emt 0:01:29]} Bxb2 {[%emt 0:01:54]} 25. e5 {[%emt 0:01:16]} Bxa1 {[%emt 0:03:08]} 26. exd6 {[%emt 0:02:43]} Ne8 {[%emt 0:04:42]} 27. Rxa1 {[%emt 0:01:04]} Qf5 {[%emt 0:02:34]} 28. Qe7 {[%emt 0:00:55]} Qf8 {[%emt 0:02:40]} 29. Ng5 {[%emt 0:08:15]} Qxe7 {[%emt 0:01:13]} 30. dxe7 {[%emt 0:00:00]} h6 {[%emt 0:02:31]} 31. d6 {[%emt 0:00:00]} hxg5 {[%emt 0:01:06]} 32. Bd5+ {[%emt 0:00:01]} Kh7 {[%emt 0:00:44]} 33. hxg5 {[%emt 0:00:01]} Bd7 {[%emt 0:01:43]} 34. Kg2 {[%emt 0:00:20]} Ng7 {[%emt 0:00:17]} 35. Be5 {[%emt 0:07:33]} Nh5 {[%emt 0:00:13]} 36. Rh1 {[%emt 0:00:47]} Bf5 {[%emt 0:01:20]} 37. Bf7 {[%emt 0:00:06]} Be4+ {[%emt 0:00:24]} 38. f3 {[%emt 0:00:27]} Bc6 {[%emt 0:00:11]} 39. Rxh5+ {[%emt 0:00:24]} gxh5 {[%emt 0:00:07]} 40. g6+ {[%emt 0:00:03]} 1/2-1/2